000 00483nam a22001817a 4500
005 20260511132758.0
008 260511b |||||||| |||| 00| 0 eng d
020 _a9789389396256
_c275.00
040 _aMAIN
041 _aEnglish
082 _a363.34
_bMON
100 _aMondal. Debabrata
_926789
245 _aDisaster Management
_bConcepts and Approaches
260 _aNew Delhi
_bCBS
_c2020
300 _a95
650 _aEnvironment Science (PM USHA)
_926725
942 _cBK
999 _c60763
_d60763